| 000 | 01962cam a22006134i 4500 | ||
|---|---|---|---|
| 003 | PE-LiUPU | ||
| 005 | 20250731170428.0 | ||
| 008 | 190813s2016 sp r 000 0 spa d | ||
| 020 | _a8436834909 | ||
| 020 | _a9788436834901 | ||
| 035 | _a(Sirsi) a252458 | ||
| 040 |
_aPE-LiUPU _bspa _cPE-LiUPU _erda |
||
| 049 | _aPRUA | ||
| 082 | 0 | 4 |
_a153.9 _bP8 _223 |
| 245 | 0 | 0 |
_aPrograma INTEMO+ : _bmejorar la inteligencia emocional de los adolescentes / _cRosario Cabello González, [y otros tres] ; prólogo de César Bona. |
| 264 | 1 |
_aMadrid : _bPirámide, _c2016. |
|
| 300 |
_a189 páginas ; _c23 centímetros |
||
| 300 | _a1 CD-ROM | ||
| 505 | 0 | _aPercepción y expresión de las emociones -- Facilitación emocional -- Comprensión de la emociones -- Regulación emocional -- Actividades transversales. | |
| 526 | _aSEG68 | ||
| 526 | _aSEG70 | ||
| 526 | _aSEG69 | ||
| 526 | _aSEG67 | ||
| 526 | _aSEG43 | ||
| 526 | _aP144 | ||
| 526 | _aP143 | ||
| 526 | _aP131 | ||
| 526 | _aP122 | ||
| 526 | _aP120 | ||
| 526 | _aP117 | ||
| 526 | _aP112 | ||
| 526 | _aP110 | ||
| 526 | _aP106 | ||
| 526 | _aP101 | ||
| 526 | _aP80 | ||
| 526 | _aP59 | ||
| 526 | _aP54 | ||
| 526 | _aP35 | ||
| 526 | _aP33 | ||
| 526 | _aP30 | ||
| 541 | _g002-00001571; | ||
| 650 | 0 | 4 | _aIntel·Ligencia emocional. |
| 650 | 0 | 4 |
_aAdolescents _xEducació _xAspectes psicològics. |
| 650 | 0 | 7 |
_aIntel·ligència emocional. _2thub |
| 650 | 0 | 7 |
_aEducació emocional. _2thub |
| 650 | 0 | 7 |
_aAdolescents. _2thub |
| 700 | 1 |
_aBona, César, _eprólogo. |
|
| 910 |
_abgr _bksl _cksl _d20190813 |
||
| 942 |
_2ddc _cBOOK |
||
| 994 |
_aC0 _bPEPRU |
||
| 598 | _aCATALOGING | ||
| 596 | _a1 | ||
| 999 |
_a153.9 P8 _wDEWEY _c31683 _i80529 _f2021-11-3 _g3 _lCCODEBUL1 _mBUL _p30.12 _r0 _sY _tBOOK _u2019-8-13 _xSALUD _zP33 _0COMPRA _1FCOMPR3 _o.STAFF. Colección Ciencias de la Salud _d31683 |
||
| 980 |
_81 _gALBERTO SANCHEZ Responsable de Automatización |
||